Construction Contracting : (Record no. 11016)
[ view plain ]
| 000 -LEADER | |
|---|---|
| fixed length control field | 02334cam a2200385 a 4500 |
| 001 - CONTROL NUMBER | |
| control field | 13680845 |
| 005 - DATE AND TIME OF LATEST TRANSACTION | |
| control field | 20060722164846.0 |
| 008 - FIXED-LENGTH DATA ELEMENTS--GENERAL INFORMATION | |
| fixed length control field | 040809s2005 njua |r 001 0 eng |
| 010 ## - LIBRARY OF CONGRESS CONTROL NUMBER | |
| LC control number | 2004018703 |
| 020 ## - INTERNATIONAL STANDARD BOOK NUMBER | |
| International Standard Book Number | 0471449881 (cloth) |
| 040 ## - CATALOGING SOURCE | |
| Original cataloging agency | DLC |
| Transcribing agency | DLC |
| Modifying agency | DLC |
| 050 00 - LIBRARY OF CONGRESS CALL NUMBER | |
| Classification number | TH438 |
| Item number | .C618 2005 |
| 082 00 - DEWEY DECIMAL CLASSIFICATION NUMBER | |
| Classification number | 692.8 |
| Edition number | 22 |
| Item number | CLO |
| 100 1# - MAIN ENTRY--PERSONAL NAME | |
| Personal name | Clough, Richard Hudson. |
| 9 (RLIN) | 13229 |
| 245 10 - TITLE STATEMENT | |
| Title | Construction Contracting : |
| Remainder of title | A Practical Guide to Company Management / |
| Statement of responsibility, etc | Richard H. Clough, Glenn A. Sears, S. Keoki Sears. |
| 250 ## - EDITION STATEMENT | |
| Edition statement | 7th ed. |
| 260 ## - PUBLICATION, DISTRIBUTION, ETC. (IMPRINT) | |
| Place of publication, distribution, etc | Hoboken, N.J. : |
| Name of publisher, distributor, etc | J. Wiley, 2005 |
| Date of publication, distribution, etc | c2005. |
| 300 ## - PHYSICAL DESCRIPTION | |
| Extent | xii, 644 p. : |
| Other physical details | ill. ; |
| Dimensions | 25 cm. + |
| Accompanying material | 1 CD-ROM (4 3/4 in.) |
| 500 ## - GENERAL NOTE | |
| General note | Includes index. |
| 650 #0 - SUBJECT ADDED ENTRY--TOPICAL TERM | |
| Topical term or geographic name as entry element | Construction industry |
| General subdivision | Management. |
| 9 (RLIN) | 13230 |
| 650 #0 - SUBJECT ADDED ENTRY--TOPICAL TERM | |
| Topical term or geographic name as entry element | Construction industry |
| General subdivision | Subcontracting. |
| 9 (RLIN) | 13231 |
| 700 1# - ADDED ENTRY--PERSONAL NAME | |
| Personal name | Sears, Glenn A. |
| 9 (RLIN) | 13232 |
| 700 1# - ADDED ENTRY--PERSONAL NAME | |
| Personal name | Sears, S. Keoki. |
| 9 (RLIN) | 13233 |
| 856 41 - ELECTRONIC LOCATION AND ACCESS | |
| Materials specified | Table of contents only |
| Uniform Resource Identifier | <a href="http://www.loc.gov/catdir/toc/ecip0421/2004018703.html">http://www.loc.gov/catdir/toc/ecip0421/2004018703.html</a> |
| 856 42 - ELECTRONIC LOCATION AND ACCESS | |
| Materials specified | Contributor biographical information |
| Uniform Resource Identifier | <a href="http://www.loc.gov/catdir/enhancements/fy0616/2004018703-b.html">http://www.loc.gov/catdir/enhancements/fy0616/2004018703-b.html</a> |
| 856 42 - ELECTRONIC LOCATION AND ACCESS | |
| Materials specified | Publisher description |
| Uniform Resource Identifier | <a href="http://www.loc.gov/catdir/enhancements/fy0616/2004018703-d.html">http://www.loc.gov/catdir/enhancements/fy0616/2004018703-d.html</a> |
| 942 ## - ADDED ENTRY ELEMENTS (KOHA) | |
| Source of classification or shelving scheme | Dewey Decimal Classification |
| Item type | Book - Borrowing |
| Withdrawn status | Item status | Source of classification or shelving scheme | Damaged status | Not for loan | Vendor | Home library | Current library | Shelving location | Date acquired | Source of acquisition | Total Checkouts | Total Renewals | Full call number | Barcode | Date last seen | Date last borrowed | Koha item type | Materials specified (bound volume or other part) |
|---|---|---|---|---|---|---|---|---|---|---|---|---|---|---|---|---|---|---|
| Dewey Decimal Classification | Baccah | Central Library | Central Library | First floor | 05/03/2009 | 2 | 3 | 692.8 CLO | 000015177 | 15/07/2025 | 15/01/2020 | Book - Borrowing | ||||||
| Dewey Decimal Classification | Baccah | Central Library | Central Library | First floor | 05/03/2009 | 692.8 CLO | 000015176 | 15/07/2025 | NB - Book (Non borrowing) | |||||||||
| Dewey Decimal Classification | Baccah | Central Library | Central Library | First floor | 28/03/2010 | 2 | 36 | 692.8 CLO | 000020500 | 15/07/2025 | 07/11/2017 | Book - Borrowing | ||||||
| Dewey Decimal Classification | Baccah | Central Library | Central Library | First floor | 28/03/2010 | 1 | 692.8 CLO | 000020501 | 15/07/2025 | 20/05/2010 | Book - Borrowing | |||||||
| Dewey Decimal Classification | Baccah | Central Library | Central Library | First floor | 28/03/2010 | 692.8 CLO | 000020502 | 24/08/2022 | CD | DVD - With book (NB) | |||||||||
| Lost | Dewey Decimal Classification | Baccah | Central Library | Central Library | First floor | 28/03/2010 | 692.8 CLO | 000020503 | 25/07/2010 | CD | DVD - With book | Lost In Inventory_2015-8-23 |